| 000 | 01007nam0a22002771 4500 | ||
|---|---|---|---|
| 001 | rc\4511128 | ||
| 005 | 20250612103859.0 | ||
| 021 |
_aRU _b[57-50257] |
||
| 035 | _a(NLR Aleph) 008619213 | ||
| 090 |
_a8812370 _c8812370 |
||
| 100 | _a20130416d1957 |||y0rusy50 ca | ||
| 101 | 0 | _arus | |
| 102 | _aRU | ||
| 105 | _aac z ||||| | ||
| 200 | 1 |
_aУчастие трудящихся СССР в строительстве здравоохранения _fПод ред. проф. М.И. Барсукова |
|
| 210 |
_aМосква _cМедгиз _d1957 |
||
| 215 |
_a180 с., 1 л. портр. _cил. _d23 |
||
| 320 | _aБиблиогр.: с. 176-179 | ||
| 606 |
_aЗдравоохранение в СССР _xУчастие общественности _2psbo |
||
| 700 | 1 |
_aКаневский _bЛ.О. _f1899-1957 _gЛазарь Оскарович |
|
| 702 | 1 |
_aБарсуков _bМ.И. _4340 |
|
| 801 | 0 |
_aRU _bNLR _gpsbo |
|
| 801 | 1 |
_aRU _bELAR _2rusmarc |
|
| 852 |
_aNLR _j57-5/3532 |
||
| 942 | _cBOOK | ||
| 980 | _aNB | ||